000 01737nam a2200301 a 4500
001 000046810
005 20250115114738.0
008 180328s2015 dr c 000 0 spa d
040 _aDO-SdBNP
_bspa
_cBNPHU
082 _axxxx
_bB588n, 2015
111 2 _aBienal Nacional de Artes Visuales
_n(27ª
_d2015:
_cSanto Domingo, República Dominicana)
_974762
245 1 0 _aBienal nacional /
_cpresentación José Antonio Rodríguez ; introducción María Elena Ditrén.
260 _aSanto Domingo, :
_bMuseo de Arte Moderno,
_c2015.
300 _a315 p. ;
_cretrs.
_c32 cm.
500 _aIncluye curriculums de artistas
505 0 _gPresentacion /
_rJosé Antonio Rodríguez --
_tIntroducción /
_rMaría Elena Ditrén --
_tLa XXVII Bienal de Artes visuales, ¡A la hora de los premios! /
_rAmable López Meléndez --
_tLa vigésimo séptima bienal de artes plásticas --
_tReformulación del concepto del arte y el del artista /
_rLaura Gil Fiallo --
_rBirgene Armenteros --
_tInvitados especiales --
_tPremios y menciones de honor --
_tObras seleccionadas --
_tCurriculum artistas --
_tÍndice de artistas --
_tTraducciones --
_tAgradecimientos /
590 _aInventariado, 2018/ YL
650 4 _aArte dominicano
_ySIGLO XX
_923012
650 4 _aArte moderno
_ySIGLO XX
_954938
650 4 _aPintura dominicana
_xPremios
_923013
650 4 _aEscultura dominicana
_xPremios
_954939
650 4 _aCerámica dominicana
_xPremios
_954940
700 1 2 _aRodríguez, José Antonio
_epres.
_930248
700 1 2 _aDitrén, María Elena
_eintr.
_957565
710 2 _aMuseo de Arte Moderno (República Dominicana)
_954941
710 1 _a República Dominicana.
_b Secretaría de Estado de Cultura
_96453
710 2 _aGrupo León Jimenes (República Dominicana)
_927171
999 _c46299
_d46299